The Mystery Of The Fortress And Other Stories / (Record no. 37838)

MARC details
000 -LEADER
fixed length control field 00710nam a22002057a 4500
005 - DATE AND TIME OF LATEST TRANSACTION
control field 2010072707397.0
010 ## - LCCN (DPL NO)
LC control number ENG-96972
020 ## - INTERNATIONAL STANDARD BOOK NUMBER
International Standard Book Number 8178191656
Terms of availability 225.00
035 ## - SYSTEM CONTROL NUMBER
System control number EN-80505
037 ## - SOURCE OF ACQUISITION
Source of stock number/acquisition DBAD/PUB
082 ## - DEWEY DECIMAL CLASSIFICATION NUMBER
Classification number S
100 ## - MAIN ENTRY--PERSONAL NAME
Personal name Bandyopadhyay, Saradindu
245 ## - TITLE STATEMENT
Title The Mystery Of The Fortress And Other Stories /
Statement of responsibility, etc by Saradindu Bandyopadhyay, transalated by Shanker Sen
260 ## - PUBLICATION, DISTRIBUTION, ETC. (IMPRINT)
Place of publication, distribution, etc Kolkatta
Name of publisher, distributor, etc New Age Publishers
Date of publication, distribution, etc 2009
270 ## - ADDRESS
Address 8/1 Chintamoni Das Lane
City Kolkatta
Postal code 700009
300 ## - PHYSICAL DESCRIPTION
Extent 245p.
Dimensions 22cm (pbk)
700 ## - ADDED ENTRY--PERSONAL NAME
Personal name Sen ,Shanker
9 (RLIN) 1617
942 ## - ADDED ENTRY ELEMENTS (KOHA)
Source of classification or shelving scheme Dewey Decimal Classification
Item type English Books
Classification part S
Call number suffix BAN
Holdings
Withdrawn status Lost status Not for loan Collection code Home library Current library Date acquired Source of acquisition Cost, normal purchase price Full call number Barcode Copy number Cost, replacement price Koha item type
    Not For Loan Fiction D.B.Act.Division D.B.Act.Division 27/07/2010 DBAD/PUB 225.00 BAN EN-80505 1 225.00 English Books

© Delhi Public Library
Hit Counter
free hit counter